| 000 | 00510nam a22001697a 4500 | ||
|---|---|---|---|
| 008 | 230525b |||||||| |||| 00| 0 eng d | ||
| 020 | _a81-900658-0-7 | ||
| 040 |
_aNational Science Library _cNational Science Library |
||
| 080 |
_aR 615.1(540) _bN6.1 |
||
| 245 |
_aIndian pharmacopoeia 1996 _c/Ministry of Health & Family Welfare |
||
| 260 |
_aNew Delhi: _bThe Controller of Publications, _c1996 |
||
| 300 | _a552p. | ||
| 500 | _3Vol.1(A-0) | ||
| 650 | _aPharma | ||
| 653 | _aScience | ||
| 942 |
_2udc _cREF |
||
| 999 |
_c44159 _d44159 |
||